Classical Music- All M's - Statistics

General Stats
  • This quiz has been taken 34 times
  • The average score is 7 of 14
Answer Stats
Hint Answer % Correct
Child prodigy, musical genius of the 18th century, composer of 40 symphonies in classic style Wolfgang Amadeus Mozart
90%
Oratorio by Handel, now typically performed during Christmas season, but which actually premiered at Easter in 1742 in Dublin Messiah
79%
Austrian-Bohemian composer, 1860-1911, composer of 10 symphonies Gustav Mahler
76%
Gernan Romantic-era composer of Songs Without Words and a violin concerto in e minor Felix Mendelssohn
72%
Device for muffling sound on a musical instrument mute
66%
Another term for time signature meter
52%
Composer of the opera "Cavalleria Rusticana" Mascagni
38%
Comic opera by above composer in which Susannah, a servant in a rich man's household, successfully defies him and marries her true love The Marriage of Figaro
38%
Contrapuntal part-song, usually unaccompanied, popular in the renaissance madrigal
34%
Term for ornament indicating to very quickly play from the principal note to its lower diatonic neighbor and back mordent
34%
Three note chord constructed of a major third and a perfect 5th from the root major triad
24%
Three note chord constructed of a minor 3rd and a perfect 5th minor triad
24%
Mode which has a lowered 7th step from major mixolydian
21%
Vocal passage sung on one syllable melisma
14%
No matching quizzes found
Score Distribution
Percent of People with Each Score
Percentile by Number Answered
Your Score History
You have not taken this quiz